Eurovision Song Contest Winners (2009-2019) - Statistics

General Stats
  • This quiz has been taken 99 times
  • The average score is 28 of 33
Answer Stats
Year Country % Correct
2019 Netherlands
95%
2009 Norway
95%
2018 Israel
94%
2010 Germany
93%
2014 Austria
92%
2017 Portugal
92%
2012 Sweden
92%
2015 Sweden
92%
Song Fairytale
91%
Song Toy
91%
2016 Ukraine
91%
Singer Conchita Wurst
90%
Singer Lena
90%
Singer Netta
90%
Song Satellite
90%
Singer Alexander Rybak
88%
2011 Azerbaijan
87%
2013 Denmark
87%
Song Euphoria
86%
Song Rise Like a Phoenix
85%
Song Heroes
84%
Singer Loreen
84%
Song 1944
83%
Song Arcade
83%
Singer Måns Zelmerlöw
83%
Singer Jamala
80%
Song Only Teardrops
80%
Singer Duncan Laurence
79%
Singer Salvador Sobral
72%
Singer Ell and Nikki
71%
Song Running Scared
71%
Singer Emmelie de Forest
66%
Song Amar pelos dois
60%
No matching quizzes found
Score Distribution
Percent of People with Each Score
Percentile by Number Answered
Your Score History
You have not taken this quiz